000 00557nam a22001937a 4500
003 OSt
005 20260601171015.0
008 260507b1981\\\\mx\a||||\||||\00|\0\spa\d
020 _a 968405100x
040 _aICI
_bspa
_cICI
050 _aNK1510
_bL65
100 1 _aLópez Rangel, Rafael,
_d1929-
_eautor
_933880
245 0 _aDiseno, sociedad y marxismo /
_cRafael López Rangel
260 _aMéxico :
_bEditorial Concepto,
_c1981
300 _a150 páginas
_c21cm.
650 4 _aDiseño
_92672
650 4 _aComunismo y sociedad
_933881
942 _2lcc
_cB
_n0
999 _c20676
_d20676